[Event "TechM GCL 2025"]
[Site "Mumbai IND"]
[Date "2025.12.22"]
[Round "10.1"]
[White "Keymer, Vincent"]
[Black "Artemiev, Vladislav"]
[Result "1-0"]
[WhiteTitle "GM"]
[BlackTitle "GM"]
[WhiteElo "2776"]
[BlackElo "2641"]
[WhiteTeam "Ganges Grandmasters"]
[BlackTeam "Fyers American Gambits"]
[WhiteFideId "12940690"]
[BlackFideId "24101605"]
[EventDate "2025.12.14"]

1. c4 e5 2. g3 c6 3. d4 exd4 4. Qxd4 Nf6 5. Bg2 Na6 6. Nf3 Bc5 7. Qe5+ Be7 8.
O-O O-O 9. Rd1 Bc5 10. Qf4 d5 11. Nc3 Nc7 12. b3 Qe7 13. e3 Ne4 14. Bb2 Bd6 15.
Qh4 Qxh4 16. Nxh4 Nxc3 17. Bxc3 Bg4 18. cxd5 Bxd1 19. Rxd1 Rfd8 20. dxc6 bxc6
21. Ba5 Be7 22. Rb1 Rac8 23. Bh3 Rd5 24. Bxc8 Rxa5 25. Nf5 Bf6 26. Rc1 Rxa2 27.
Rxc6 Nd5 28. Bb7 Nb6 29. h4 h5 30. Rc7 Rb2 31. Bf3 Kf8 32. Rb7 Bd8 33. Nd6 Rxb3
34. Rxf7+ Kg8 35. Rxa7 Rb1+ 36. Kg2 Rb2 37. Rb7 Bf6 38. Rb8+ Kh7 39. Be4+ Kh6
40. Nf7# 1-0

[Event "TechM GCL 2025"]
[Site "Mumbai IND"]
[Date "2025.12.22"]
[Round "10.1"]
[White "Sindarov, Javokhir"]
[Black "Rapport, Richard"]
[Result "1/2-1/2"]
[WhiteTitle "GM"]
[BlackTitle "GM"]
[WhiteElo "2726"]
[BlackElo "2741"]
[WhiteTeam "Ganges Grandmasters"]
[BlackTeam "Fyers American Gambits"]
[WhiteFideId "14205483"]
[BlackFideId "738590"]
[EventDate "2025.12.14"]

1. Nf3 Nf6 2. c4 b6 3. Nc3 Bb7 4. d4 e6 5. a3 Ne4 6. Nxe4 Bxe4 7. Nd2 Bb7 8. e4
g6 9. Bd3 Bg7 10. Nf3 O-O 11. O-O d6 12. Bg5 Qe8 13. Rb1 a5 14. b3 Nd7 15. Re1
e5 16. d5 f6 17. Be3 Qe7 18. Bc2 Ba6 19. Nd2 f5 20. exf5 gxf5 21. Qh5 Qf6 22.
Nf3 a4 23. Ng5 Qg6 24. Qh3 axb3 25. Rxb3 Nc5 26. Bxc5 Qxg5 27. Be3 Qg4 28. Qxg4
fxg4 29. Rb4 Bc8 30. a4 Bd7 31. Ra1 Ra5 32. Ra2 Rfa8 33. Bd2 R5a6 34. Kf1 Bf6
35. Ke2 Kg7 36. Ra3 h5 37. Rb5 Bxb5 38. cxb5 R6a7 39. Rc3 Rf8 40. Rc4 Bd8 41.
Be3 Rf7 42. Be4 Ra8 43. f3 gxf3+ 44. Bxf3 h4 45. Rg4+ Kh8 46. Rc4 Bf6 47. Bg4
Rg7 48. h3 Re8 49. Bh6 Rg6 50. Bd2 Re7 51. a5 bxa5 52. Bxa5 Rgg7 53. Rc6 e4 54.
Be1 Re5 55. b6 cxb6 56. Rxd6 Be7 57. Rxb6 Rxd5 58. Bc3 Kh7 59. Bxg7 Kxg7 60. Re6 1/2-1/2

[Event "TechM GCL 2025"]
[Site "Mumbai IND"]
[Date "2025.12.22"]
[Round "10.1"]
[White "Shuvalova, Polina"]
[Black "Assaubayeva, Bibisara"]
[Result "1/2-1/2"]
[WhiteTitle "IM"]
[BlackTitle "GM"]
[WhiteElo "2502"]
[BlackElo "2497"]
[WhiteTeam "Ganges Grandmasters"]
[BlackTeam "Fyers American Gambits"]
[WhiteFideId "24171760"]
[BlackFideId "13708694"]
[EventDate "2025.12.14"]

1. e4 c5 2. Nf3 d6 3. d4 cxd4 4. Nxd4 Nf6 5. Nc3 a6 6. g3 g6 7. Bg2 Bg7 8. O-O
O-O 9. h3 Nc6 10. Be3 Bd7 11. Nde2 Rc8 12. Nd5 Be6 13. c3 Ne5 14. b3 b5 15. a4
Ned7 16. axb5 axb5 17. Ra7 Bxd5 18. exd5 Ra8 19. Rb7 Qa5 20. Nd4 Qxc3 21. Nc6
Ra2 22. Rxb5 Rfa8 23. Bd4 Qd2 24. Nxe7+ Kh8 25. Qxd2 Rxd2 26. Be3 Rb2 27. Nc6
Re8 28. Rb7 h5 29. Bd4 Rd2 30. h4 Ne5 31. Nxe5 dxe5 32. Be3 Rd3 33. Rxf7 e4 34.
d6 Rxd6 35. b4 Ng4 36. Bc5 Rd2 37. Re1 Bc3 38. Rc1 Bb2 39. Re1 Bc3 40. Rc1 Bb2
41. Rb1 e3 42. fxe3 Be5 43. Rf3 Ra8 44. Rf8+ Rxf8 45. Bxf8 Bxg3 46. Bc5 Bf2+ 47.
Kh1 Nxe3 48. Be4 Nf5 49. Bxf5 Bxc5 50. bxc5 gxf5 51. Rc1 Rd7 52. Kg2 Kg7 53. Kf3
Kf6 54. c6 Rc7 55. Kf4 Ke6 56. Rc2 Kf6 57. Rc5 Ke6 58. Rc2 Kf6 59. Rc1 Ke6 60.
Kg5 Kd6 61. Kxf5 Rxc6 62. Re1 Rc5+ 63. Kg6 Kd7 64. Re2 Kd6 65. Re3 Kd7 66. Re1
Kd6 67. Kh6 Kd7 68. Rg1 Ke7 69. Rg5 Rxg5 70. hxg5 h4 71. g6 h3 72. g7 h2 73.
g8=Q h1=Q+ 74. Kg7 Qg2+ 75. Kh8 Qxg8+ 76. Kxg8 1/2-1/2

[Event "TechM GCL 2025"]
[Site "Mumbai IND"]
[Date "2025.12.22"]
[Round "10.1"]
[White "Tsolakidou, Stavroula"]
[Black "Injac, Teodora"]
[Result "1-0"]
[WhiteTitle "IM"]
[BlackTitle "IM"]
[WhiteElo "2479"]
[BlackElo "2421"]
[WhiteTeam "Ganges Grandmasters"]
[BlackTeam "Fyers American Gambits"]
[WhiteFideId "4264312"]
[BlackFideId "932400"]
[EventDate "2025.12.14"]

1. e4 e5 2. Nf3 Nc6 3. Bc4 Nf6 4. d3 Be7 5. Nc3 d6 6. a3 O-O 7. Be3 Be6 8. Nd5
Qd7 9. O-O h6 10. b4 Bd8 11. Bb3 Bg4 12. h3 Bxf3 13. Qxf3 Nd4 14. Bxd4 exd4 15.
Nf4 a5 16. Ne2 axb4 17. axb4 Rxa1 18. Rxa1 Qc6 19. Ra4 b5 20. Ra2 Qb6 21. Nf4
Qc6 22. Ne2 Qb6 23. Qf5 Kh8 24. Ra8 c6 25. Nf4 Qb7 26. Qc8 Qxc8 27. Rxc8 g5 28.
Ne2 Be7 29. Rxc6 Ra8 30. Nxd4 g4 31. Nf5 Bf8 32. Bxf7 h5 33. Kh2 Nd7 34. Bxh5
Ne5 35. Rc7 d5 36. Bxg4 dxe4 37. dxe4 Bxb4 38. f4 Ng6 39. g3 Bd2 40. e5 b4 41.
Kg2 Ra2 42. Kf3 Bc3 43. Bh5 Nf8 44. Rc8 Kg8 45. e6 1-0

[Event "TechM GCL 2025"]
[Site "Mumbai IND"]
[Date "2025.12.22"]
[Round "10.1"]
[White "Sadhwani, Raunak"]
[Black "Murzin, Volodar"]
[Result "1-0"]
[WhiteTitle "GM"]
[BlackTitle "GM"]
[WhiteElo "2638"]
[BlackElo "2648"]
[WhiteTeam "Ganges Grandmasters"]
[BlackTeam "Fyers American Gambits"]
[WhiteFideId "35093487"]
[BlackFideId "44155573"]
[EventDate "2025.12.14"]

1. e4 c5 2. Nc3 a6 3. g3 Nc6 4. Bg2 g6 5. d3 Bg7 6. f4 d6 7. Nf3 e6 8. Be3 Nge7
9. h4 h5 10. O-O Nd4 11. Ng5 Nec6 12. Rb1 O-O 13. Ne2 f6 14. Nh3 f5 15. c3 Nxe2+
16. Qxe2 Bd7 17. Ng5 Qf6 18. Rbe1 Rac8 19. Qd1 Kh8 20. Bf3 e5 21. exf5 Bxf5 22.
fxe5 Qxe5 23. Kh2 Qf6 24. Be4 Ne7 25. Bf4 Bg4 26. Qb3 b5 27. Bb7 c4 28. dxc4
bxc4 29. Qa3 Rcd8 30. Ne4 Qf5 31. Nxd6 Qd7 32. Bg2 Nf5 33. Nxc4 g5 34. Ne5 gxf4
35. Nxd7 fxg3+ 36. Kg1 Rxd7 37. Re4 Rd2 38. Qc5 Rxg2+ 39. Kxg2 Nxh4+ 40. Kxg3
Rxf1 41. Rxg4 hxg4 42. Kxh4 1-0

[Event "TechM GCL 2025"]
[Site "Mumbai IND"]
[Date "2025.12.22"]
[Round "10.2"]
[White "Firouzja, Alireza"]
[Black "Vachier-Lagrave, Maxime"]
[Result "1-0"]
[WhiteTitle "GM"]
[BlackTitle "GM"]
[WhiteElo "2762"]
[BlackElo "2734"]
[WhiteTeam "Triveni Continental Kings"]
[BlackTeam "Upgrad Mumba Masters"]
[WhiteFideId "12573981"]
[BlackFideId "623539"]
[EventDate "2025.12.14"]

1. e4 c5 2. Nf3 d6 3. d4 cxd4 4. Nxd4 Nf6 5. Nc3 a6 6. Bc4 e6 7. a3 b5 8. Ba2
Bb7 9. Be3 Nc6 10. Qe2 Be7 11. O-O-O b4 12. Nxc6 Bxc6 13. axb4 Qb8 14. Rd4 O-O
15. f3 e5 16. Rc4 Bb5 17. g4 d5 18. g5 dxc4 19. gxf6 Bxf6 20. Nd5 Bd8 21. Bxc4
Re8 22. c3 Bxc4 23. Qxc4 Qb7 24. Kc2 Re6 25. Ra1 Rc8 26. Qd3 Rg6 27. Kb3 h5 28.
c4 h4 29. c5 Rb8 30. Bd2 Qc6 31. Bc3 Qxc5 32. Rxa6 Rxa6 33. Qxa6 Qg1 34. Bxe5
Qd1+ 35. Ka2 Rb6 36. Nxb6 Bxb6 37. Qa3 h3 38. Qb3 Qd7 39. b5 Kh7 40. Qd5 Qa7+
41. Kb3 Bg1 42. Bc3 Qb8 43. Qg5 f6 44. Qxg1 Qxb5+ 45. Ka3 Qa6+ 46. Kb4 Qd6+ 47.
Kb5 Qd3+ 48. Kc5 Qxf3 49. e5 fxe5 50. Bxe5 Qf8+ 51. Kc4 Qf7+ 52. Kc3 Qf3+ 53.
Kd2 g5 54. Qa7+ Kg6 55. Qg7+ Kh5 56. Qh7+ Kg4 57. Qd7+ Kh5 58. Qd3 Qb7 59. Qxh3+ 1-0

[Event "TechM GCL 2025"]
[Site "Mumbai IND"]
[Date "2025.12.22"]
[Round "10.2"]
[White "Wei, Yi"]
[Black "So, Wesley"]
[Result "1-0"]
[WhiteTitle "GM"]
[BlackTitle "GM"]
[WhiteElo "2754"]
[BlackElo "2753"]
[WhiteTeam "Triveni Continental Kings"]
[BlackTeam "Upgrad Mumba Masters"]
[WhiteFideId "8603405"]
[BlackFideId "5202213"]
[EventDate "2025.12.14"]

1. e4 e5 2. Nf3 Nc6 3. d4 exd4 4. Nxd4 Nf6 5. Nxc6 bxc6 6. Bd3 d5 7. Qe2 dxe4 8.
Nc3 Bb4 9. Bxe4 O-O 10. Bxc6 Rb8 11. O-O Qd6 12. Bb5 Ng4 13. g3 Qc5 14. a4 a6
15. Bd3 Qh5 16. h4 Rb6 17. Be3 Re6 18. Qf3 Bxc3 19. bxc3 Qa5 20. Qxg4 Rxe3 21.
Qd4 Re6 22. Qb4 Qd5 23. Rad1 Qf3 24. Bxh7+ Kxh7 25. Rd3 Qe4 26. Qxf8 Bb7 27. f3
Qe5 28. Rd2 Rf6 29. Kh2 Bxf3 30. Rdf2 Rf4 31. Qd8 Rf6 32. Qd4 Qe7 33. Rxf3 Qe5 1-0

[Event "TechM GCL 2025"]
[Site "Mumbai IND"]
[Date "2025.12.22"]
[Round "10.2"]
[White "Vidit, Santosh Gujrathi"]
[Black "Mamedyarov, Shakhriyar"]
[Result "0-1"]
[WhiteTitle "GM"]
[BlackTitle "GM"]
[WhiteElo "2708"]
[BlackElo "2730"]
[WhiteTeam "Triveni Continental Kings"]
[BlackTeam "Upgrad Mumba Masters"]
[WhiteFideId "5029465"]
[BlackFideId "13401319"]
[EventDate "2025.12.14"]

1. e4 c6 2. Nf3 d5 3. d3 dxe4 4. dxe4 Qxd1+ 5. Kxd1 Nf6 6. Nbd2 g6 7. Ne5 Bg7 8.
Nd3 O-O 9. f3 Rd8 10. c3 Na6 11. Kc2 Nd7 12. Nc4 b6 13. Be3 Bb7 14. Be2 Nc7 15.
Rhd1 c5 16. Rd2 f5 17. Nf2 Nf6 18. Rxd8+ Rxd8 19. Bd3 fxe4 20. Nxe4 Nxe4 21.
Bxe4 Ba6 22. Bd3 Nd5 23. Bd2 Bc8 24. Re1 Bf5 25. Bxf5 gxf5 26. a4 Kf7 27. g4 e6
28. h4 Rd7 29. g5 Ne7 30. h5 Nd5 31. Bc1 a6 32. g6+ hxg6 33. hxg6+ Kf6 34. Ne5
Rb7 35. Bd2 b5 36. axb5 axb5 37. Nd3 Rc7 38. Rg1 e5 39. Bg5+ Ke6 40. Ra1 f4 41.
Bd8 Rc8 42. Bh4 c4 43. Nf2 Rh8 44. Rh1 Rh6 45. Bd8 Rxg6 46. Ne4 Bf6 47. Ba5 Be7
48. Rh8 Ne3+ 49. Kb1 Rg1+ 50. Ka2 Nc2 51. b4 Ne1 52. Rh6+ Kd7 53. Nc5+ Ke8 54.
Rh8+ Kf7 55. Rh3 Rg3 56. Rh7+ Rg7 57. Rh3 Bxc5 58. bxc5 Ke6 59. c6 Ra7 60. Rh6+
Kd5 61. c7 Rxa5+ 62. Kb1 Ra8 0-1

[Event "TechM GCL 2025"]
[Site "Mumbai IND"]
[Date "2025.12.22"]
[Round "10.2"]
[White "Zhu, Jiner"]
[Black "Koneru, Humpy"]
[Result "1-0"]
[WhiteTitle "GM"]
[BlackTitle "GM"]
[WhiteElo "2579"]
[BlackElo "2535"]
[WhiteTeam "Triveni Continental Kings"]
[BlackTeam "Upgrad Mumba Masters"]
[WhiteFideId "8608059"]
[BlackFideId "5008123"]
[EventDate "2025.12.14"]

1. d4 d5 2. Nf3 c5 3. dxc5 Nf6 4. a3 e6 5. e3 Bxc5 6. c4 O-O 7. Nc3 dxc4 8. Bxc4
Nbd7 9. O-O a6 10. b4 Be7 11. Bb2 b5 12. Ba2 Bb7 13. Qe2 Qb8 14. Rfd1 Rd8 15. h3
Ne4 16. Nxe4 Bxe4 17. Nd4 Nf6 18. Rac1 Qb7 19. f3 Bd5 20. Bxd5 Nxd5 21. Nc6 Rdc8
22. Na5 Qb6 23. Bd4 Qd8 24. Nc6 Qe8 25. Nxe7+ Qxe7 26. e4 Nf4 27. Qd2 Rxc1 28.
Rxc1 Qd6 29. Kf1 Rd8 30. e5 Qd5 31. Qxf4 1-0

[Event "TechM GCL 2025"]
[Site "Mumbai IND"]
[Date "2025.12.22"]
[Round "10.2"]
[White "Kosteniuk, Alexandra"]
[Black "Dronavalli, Harika"]
[Result "1/2-1/2"]
[WhiteTitle "GM"]
[BlackTitle "GM"]
[WhiteElo "2483"]
[BlackElo "2466"]
[WhiteTeam "Triveni Continental Kings"]
[BlackTeam "Upgrad Mumba Masters"]
[WhiteFideId "4128125"]
[BlackFideId "5015197"]
[EventDate "2025.12.14"]

1. e4 e6 2. d4 d5 3. exd5 exd5 4. Bf4 Nf6 5. Nc3 Bb4 6. Bd3 c5 7. Bxb8 Rxb8 8.
Bb5+ Bd7 9. Qe2+ Qe7 10. Bxd7+ Kxd7 11. O-O-O Bxc3 12. Qb5+ Kc8 13. bxc3 c4 14.
Nf3 Qa3+ 15. Qb2 Qxb2+ 16. Kxb2 Ne4 17. Rde1 b5 18. Ne5 b4 19. Rxe4 dxe4 20.
Nxf7 Rf8 21. Nd6+ Kc7 22. Nxe4 Kc6 23. f3 a5 24. d5+ Kxd5 25. Rd1+ Kc6 26. Rd6+
Kc7 27. Rd5 Kb6 28. Rd6+ Kc7 29. Rd5 Kb6 30. Rd6+ Kc7 31. Rd5 Kb6 1/2-1/2

[Event "TechM GCL 2025"]
[Site "Mumbai IND"]
[Date "2025.12.22"]
[Round "10.2"]
[White "Maurizzi, MarcAndria"]
[Black "Daneshvar, Bardiya"]
[Result "0-1"]
[WhiteTitle "GM"]
[BlackTitle "GM"]
[WhiteElo "2611"]
[BlackElo "2600"]
[WhiteTeam "Triveni Continental Kings"]
[BlackTeam "Upgrad Mumba Masters"]
[WhiteFideId "36083534"]
[BlackFideId "12576468"]
[EventDate "2025.12.14"]

1. Nf3 Nf6 2. g3 b6 3. Bg2 Bb7 4. O-O g6 5. b3 Bg7 6. Bb2 O-O 7. c4 c5 8. d4
cxd4 9. Qxd4 d6 10. Nc3 Nbd7 11. Rfd1 Rc8 12. Rac1 a6 13. h3 Rc5 14. Qe3 Re8 15.
Na4 Rc8 16. Nc3 Rc7 17. g4 Qa8 18. g5 Nh5 19. Nd5 Bxd5 20. Bxg7 Nxg7 21. cxd5
Nf5 22. Qd2 Rec8 23. e4 Ng7 24. Nd4 b5 25. Rxc7 Rxc7 26. Rc1 Qb7 27. Nc6 Ne5 28.
Kh2 Qb6 29. Nxe5 dxe5 30. Rxc7 Qxc7 31. Bf3 Ne8 32. h4 Nd6 33. Kg2 a5 34. h5 b4
35. h6 Qc3 36. Qe2 Qc1 37. Qa6 Qxg5+ 38. Kf1 Qxh6 39. Qxa5 Qc1+ 40. Kg2 Qg5+ 41.
Kf1 Qf4 42. Kg2 f5 43. Qxb4 fxe4 44. Be2 Nf5 45. a4 Nd4 46. Bc4 Qg5+ 47. Kf1 Nf3
48. Qc3 Kg7 49. a5 h5 50. d6 exd6 51. a6 Qg1+ 52. Ke2 Qb1 53. Ke3 Nd4 54. b4
Nf5+ 55. Ke2 Nd4+ 56. Ke3 Nf5+ 57. Kd2 Qg1 58. Be2 Qxf2 59. Qc7+ Kh6 60. a7 Qe3+
61. Kd1 Qb3+ 62. Qc2 Ne3+ 63. Kd2 Qxc2+ 0-1

[Event "TechM GCL 2025"]
[Site "Mumbai IND"]
[Date "2025.12.22"]
[Round "10.3"]
[White "Caruana, Fabiano"]
[Black "Gukesh, D"]
[Result "0-1"]
[WhiteTitle "GM"]
[BlackTitle "GM"]
[WhiteElo "2795"]
[BlackElo "2754"]
[WhiteTeam "Alpine SG Pipers"]
[BlackTeam "PBG Alaskan Knights"]
[WhiteFideId "2020009"]
[BlackFideId "46616543"]
[EventDate "2025.12.14"]

1. e4 c5 2. Nf3 d6 3. Bb5+ Nd7 4. O-O a6 5. Be2 Ngf6 6. d3 g6 7. c4 Bg7 8. Nc3
O-O 9. d4 cxd4 10. Nxd4 Ne5 11. Be3 Bd7 12. Rc1 Rc8 13. b3 Qa5 14. a4 Neg4 15.
Bd2 Nxh2 16. Nd5 Qd8 17. Kxh2 Nxd5 18. cxd5 Bxd4 19. Rxc8 Qxc8 20. Bh6 Be5+ 21.
f4 Bg7 22. Bxg7 Kxg7 23. Qd4+ Kg8 24. Bd3 Qc7 25. Rf2 Qc1 26. Qb4 Bg4 27. Qd2
Qc5 28. Bc4 b5 29. Bf1 Rc8 30. axb5 axb5 31. b4 Qb6 32. f5 f6 33. Bd3 Qd4 34.
Bxb5 Qxe4 35. Bd7 Rc4 36. Qh6 Qe5+ 37. g3 Bxf5 38. Rxf5 Qe2+ 39. Kh3 Qg4+ 40.
Kg2 Rc2+ 41. Rf2 Qe4+ 42. Kf1 Rc1+ 43. Qxc1 Qh1+ 44. Ke2 Qxc1 45. b5 Qc4+ 46.
Ke1 Qxd5 47. Bc6 Qc5 48. Rd2 e6 49. Kd1 d5 50. Rb2 Qb6 51. Ra2 Kg7 52. Ra6 Qd4+
53. Ke2 Qc4+ 54. Kf2 Kh6 55. Bd7 d4 56. Rxe6 d3 0-1

[Event "TechM GCL 2025"]
[Site "Mumbai IND"]
[Date "2025.12.22"]
[Round "10.3"]
[White "Giri, Anish"]
[Black "Erigaisi, Arjun"]
[Result "0-1"]
[WhiteTitle "GM"]
[BlackTitle "GM"]
[WhiteElo "2760"]
[BlackElo "2775"]
[WhiteTeam "Alpine SG Pipers"]
[BlackTeam "PBG Alaskan Knights"]
[WhiteFideId "24116068"]
[BlackFideId "35009192"]
[EventDate "2025.12.14"]

1. d4 Nf6 2. c4 g6 3. Nc3 Bg7 4. e4 d6 5. Nf3 O-O 6. Be2 Na6 7. O-O e5 8. Be3
Qe7 9. dxe5 dxe5 10. Nd5 Qd8 11. Qc2 Ng4 12. Rad1 Nxe3 13. Nxe3 Qe7 14. Nd5 Qe6
15. c5 c6 16. Ne3 Nc7 17. Nc4 Qe7 18. Nd6 b5 19. cxb6 axb6 20. Nxc8 Rfxc8 21.
Qxc6 Ne6 22. Qb5 Rxa2 23. Qxb6 Ra4 24. Ba6 Ra8 25. Bb5 Rb4 26. Qc6 Qf8 27. Bd3
Rc8 28. Qa6 Nc5 29. Qa5 Nxd3 30. Rxd3 Rxe4 31. Rfd1 Rec4 32. Rd7 h6 33. h3 R4c5
34. Qb6 Rb8 35. Qxb8 Qxb8 36. Rd8+ Qxd8 37. Rxd8+ Kh7 38. g4 e4 39. Nd2 f5 40.
gxf5 gxf5 41. b4 Rb5 42. Rc8 Rxb4 43. Rc2 Kg6 44. Kg2 Kg5 45. Nf1 Bd4 46. Ng3
Bb6 47. Rc8 Rb2 48. Rg8+ Kf4 49. Nh1 e3 50. Re8 e2 51. Ng3 e1=Q 52. Rxe1 Rxf2+ 0-1

[Event "TechM GCL 2025"]
[Site "Mumbai IND"]
[Date "2025.12.22"]
[Round "10.3"]
[White "Praggnanandhaa, R"]
[Black "Dominguez Perez, Leinier"]
[Result "1/2-1/2"]
[WhiteTitle "GM"]
[BlackTitle "GM"]
[WhiteElo "2761"]
[BlackElo "2738"]
[WhiteTeam "Alpine SG Pipers"]
[BlackTeam "PBG Alaskan Knights"]
[WhiteFideId "25059530"]
[BlackFideId "3503240"]
[EventDate "2025.12.14"]

1. e4 c5 2. Nf3 d6 3. d4 cxd4 4. Nxd4 Nf6 5. Nc3 a6 6. Bd2 e5 7. Nf5 d5 8. Qf3
d4 9. Nd5 Nxd5 10. exd5 Bxf5 11. Qxf5 Nd7 12. O-O-O g6 13. Qf3 Bg7 14. Kb1 Nc5
15. Bb4 Rc8 16. g4 O-O 17. Bd3 Nxd3 18. cxd3 Re8 19. d6 Bf8 20. Qd5 Rc6 21. Rc1
Re6 22. Rxc6 bxc6 23. Qxc6 Bxd6 24. Bxd6 Rxd6 25. Qe4 Qg5 26. h4 Qd2 27. Rc1 Rd8
28. Rc2 Qd1+ 29. Rc1 Qd2 30. h5 a5 31. Rc2 Qd1+ 32. Rc1 Qd2 33. Rc2 Qd1+ 34. Rc1
Qd2 35. Rc2 1/2-1/2

[Event "TechM GCL 2025"]
[Site "Mumbai IND"]
[Date "2025.12.22"]
[Round "10.3"]
[White "Hou, Yifan"]
[Black "Lagno, Kateryna"]
[Result "1-0"]
[WhiteTitle "GM"]
[BlackTitle "GM"]
[WhiteElo "2613"]
[BlackElo "2508"]
[WhiteTeam "Alpine SG Pipers"]
[BlackTeam "PBG Alaskan Knights"]
[WhiteFideId "8602980"]
[BlackFideId "14109336"]
[EventDate "2025.12.14"]

1. e4 e5 2. Bc4 Nf6 3. d3 Bc5 4. Nc3 O-O 5. Nf3 Nc6 6. a3 a6 7. h3 h6 8. g4 Nh7
9. Rg1 Nd4 10. g5 Nxf3+ 11. Qxf3 hxg5 12. h4 d5 13. Bxg5 Nxg5 14. hxg5 dxc4 15.
Qh5 Bxf2+ 16. Kxf2 Qd4+ 17. Kg2 Qd7 18. Nd5 Rd8 19. Kh2 Qd6 20. g6 1-0

[Event "TechM GCL 2025"]
[Site "Mumbai IND"]
[Date "2025.12.22"]
[Round "10.3"]
[White "Batsiashvili, Nino"]
[Black "Khademalsharieh, Sarasadat"]
[Result "1/2-1/2"]
[WhiteTitle "GM"]
[BlackTitle "IM"]
[WhiteElo "2462"]
[BlackElo "2414"]
[WhiteTeam "Alpine SG Pipers"]
[BlackTeam "PBG Alaskan Knights"]
[WhiteFideId "13602993"]
[BlackFideId "12512214"]
[EventDate "2025.12.14"]

1. d4 d5 2. Nf3 Nf6 3. Bf4 e6 4. e3 Be7 5. Bd3 c5 6. dxc5 Bxc5 7. O-O Nc6 8. a3
Bd6 9. Bxd6 Qxd6 10. c4 dxc4 11. Bxc4 Qxd1 12. Rxd1 Bd7 13. Nc3 Ke7 14. Rac1
Rhd8 15. h3 Be8 16. Rxd8 Rxd8 17. Kf1 h6 18. Ke1 Nd7 19. Be2 Nde5 20. Nxe5 Nxe5
21. Nb5 Bxb5 22. Bxb5 Nd3+ 23. Bxd3 Rxd3 24. Rc7+ Rd7 25. Rc3 Rd5 26. Ke2 Rd7
27. g4 e5 28. f4 exf4 29. exf4 a6 30. Ke3 Kf6 31. b4 g5 32. Ke4 1/2-1/2

[Event "TechM GCL 2025"]
[Site "Mumbai IND"]
[Date "2025.12.22"]
[Round "10.3"]
[White "Mendonca, Leon Luke"]
[Black "Dardha, Daniel"]
[Result "1/2-1/2"]
[WhiteTitle "GM"]
[BlackTitle "GM"]
[WhiteElo "2615"]
[BlackElo "2603"]
[WhiteTeam "Alpine SG Pipers"]
[BlackTeam "PBG Alaskan Knights"]
[WhiteFideId "35028561"]
[BlackFideId "240990"]
[EventDate "2025.12.14"]

1. d4 Nf6 2. c4 e6 3. Nf3 d5 4. g3 Bd6 5. Bg2 O-O 6. O-O Nc6 7. e3 b6 8. Nc3 Bb7
9. Nd2 Na5 10. cxd5 exd5 11. b3 c5 12. dxc5 Bxc5 13. Nf3 Nc6 14. Bb2 Rc8 15. Rc1
Ba6 16. Ne2 Nb4 17. a3 Nd3 18. Rc2 Ng4 19. Bd4 Ndxf2 20. Rxf2 Nxe3 21. Bxe3 Bxe3
22. Ned4 Qf6 23. Bf1 Bxf1 24. Kxf1 Rxc2 25. Nxc2 Bxf2 26. Kxf2 Qb2 27. Nd4 Rc8
28. a4 g6 29. Qd2 h5 30. Kg2 Qb1 31. Qe2 Qc1 32. Ne1 Qg5 33. Nd3 Qf6 34. Qf2 Kg7
35. Qxf6+ Kxf6 36. Kf3 a5 37. h4 Ke7 38. Ke3 Rc3 39. Kd2 Rc8 40. Ke3 Rc3 41. Kd2
Rc8 42. Ke3 f6 1/2-1/2